[Event "III Open A"]
[Site "Padova ITA"]
[Date "2000.12.10"]
[Round "9"]
[White "Radulescu, Gheorghe"]
[Black "Di Lazzaro, Gabriele"]
[Result "1-0"]
[WhiteElo "1902"]
[BlackElo "1959"]
[PlyCount "85"]
[EventDate "2000.12.02"]

1. d4 g6 2. e4 Bg7 3. Nf3 d6 4. Bc4 c6 5. Nc3 Nf6 6. Qe2 b5 7. Bd3 O-O 8. O-O
Bb7 9. Bg5 Qc7 10. Rfe1 e5 11. dxe5 dxe5 12. b4 Nbd7 13. a4 a6 14. Reb1 Rfe8
15. Nd2 Rac8 16. Nd1 Nb6 17. Nb2 Qd6 18. c4 Qxb4 19. cxb5 Qd4 20. bxa6 Ba8 21.
a5 Nbd7 22. Be3 Qd6 23. Nbc4 Qe7 24. Nb6 Rcd8 25. Ndc4 Nc5 26. Bxc5 Qxc5 27.
Nxa8 Rxa8 28. Nb6 Ra7 29. Rc1 Qd6 30. Qc2 h5 31. Be2 Rc7 32. Rd1 Qe6 33. Ra4
Bf8 34. Rc4 c5 35. Rc3 Nh7 36. Bc4 Qg4 37. Rg3 Qf4 38. Rxg6+ Kh8 39. Nd5 Rd7
40. Nxf4 Rxd1+ 41. Qxd1 fxg6 42. Qd5 Nf6 43. Nxg6+ 1-0

[Event "III Open A"]
[Site "Padova ITA"]
[Date "2000.12.10"]
[Round "9"]
[White "Sabia, Corrado"]
[Black "Danieli, Enrico"]
[Result "1-0"]
[WhiteElo "2194"]
[BlackElo "2096"]
[PlyCount "69"]
[EventDate "2000.12.02"]

1. e4 c6 2. d4 d5 3. exd5 cxd5 4. c4 Nf6 5. Nc3 g6 6. Qb3 Bg7 7. cxd5 O-O 8.
Be2 Nbd7 9. Bf3 Nb6 10. Nge2 Qd7 11. Bf4 Rd8 12. d6 Ne8 13. dxe7 Qxe7 14. d5
Bxc3+ 15. Qxc3 Nxd5 16. Bxd5 Rxd5 17. Be3 Bd7 18. Nf4 Rb5 19. O-O Bc6 20. Rad1
a6 21. b3 Nc7 22. Rfe1 Qh4 23. Bc1 Rf5 24. Bb2 f6 25. Qc4+ Nd5 26. g3 Qg5 27.
h4 Rxf4 28. hxg5 Rxc4 29. bxc4 Nb4 30. Bxf6 Nxa2 31. Re7 Nb4 32. Rde1 a5 33.
Rg7+ Kf8 34. Ree7 Re8 35. Ref7# 1-0

[Event "III Open A"]
[Site "Padova ITA"]
[Date "2000.12.10"]
[Round "9"]
[White "Van Hoolandt, Patrick"]
[Black "Alberton, Roberto"]
[Result "1-0"]
[WhiteElo "2169"]
[BlackElo "2147"]
[PlyCount "49"]
[EventDate "2000.12.02"]

1. c4 d6 2. g3 f5 3. Bg2 Nf6 4. Nc3 g6 5. d3 Bg7 6. e3 e5 7. Nge2 c6 8. O-O O-O
9. b4 Be6 10. b5 d5 11. bxc6 Nxc6 12. cxd5 Nxd5 13. Qb3 Na5 14. Qa4 Nxc3 15.
Nxc3 Rc8 16. Nb5 a6 17. Nd6 Qxd6 18. Qxa5 Rf7 19. Rb1 b5 20. Ba3 Qd8 21. Qxa6
Bxa2 22. Rxb5 Rd7 23. Bc6 Rxd3 24. Be7 Rxc6 25. Qxa2+ 1-0